000 00538nam a2200181Ia 4500
003 GCL
008 140319s9999 xx 000 0 ara d
040 _aGCL /
_cGCL
082 0 4 _a131.32
_bى ا
100 1 _aيوسف ميخائيل اسعد
245 1 0 _aاعداؤك كيف تنتصر عليهم /
_cيوسف ميخائيل اسعد
300 _a295 ص
490 _aكتاب
_v0
650 0 4 _aالعلاقات الانسانية
650 0 4 _aالصداقة
650 0 4 _aالعلاقات الاجتماعية
942 _2ddc
_cBK
999 _c41723
_d41723